Bibliobús Montserrat
Publicado:
Barcelona :
Diputació de Barcelona. Àrea de Coneixement i Noves Tecnologies. Gerència de Serveis de Biblioteques ,
2011
Descripción Física:
1 díptic ; 21 cm
MARC
| LEADER | 00000nam a2200000Ia 4500 | ||
|---|---|---|---|
| 001 | 23312 | ||
| 008 | 160829s2011 xx 000 0 cat d | ||
| 080 | |a FU-59-100 | ||
| 245 | |a Bibliobús Montserrat | ||
| 260 | |a Barcelona : |b Diputació de Barcelona. Àrea de Coneixement i Noves Tecnologies. Gerència de Serveis de Biblioteques, |c 2011 | ||
| 300 | |a 1 díptic ; |c 21 cm | ||
| 610 | 1 | 0 | |a Bibliobús Montserrat |9 52659 |
| 650 | |a Biblioteques públiques |9 49216 | ||
| 650 | |a Bibliobusos |9 38730 | ||
| 710 | 1 | |a Barcelona (Catalunya : Província). |b Gerència de Serveis de Biblioteques |9 52661 | |
| 901 | |a Arxiu | ||
| 942 | |n 1 | ||
| 952 | |0 0 |1 0 |4 0 |6 FU59100 |7 1 |9 54749 |a Arxiu |b Arxiu |d 2011-11-04 |l 0 |o FU-59-100 |p 23312 |r 2016-12-01 00:00:00 |w 2016-12-01 |y ARXIU | ||
| 999 | |c 58618 |d 58618 | ||